000 00583nam a2200229Ia 4500
003 OSt
005 20220928113623.0
006 a|||||r|||| 00| 0
007 ta
008 220927b |||||||| |||| 00| 0 eng d
024 _a42942
037 _cTextual
040 _aSDCL
_cSDCL
_beng
041 _2eng
_aeng
082 _aXM8:87, M1
100 _aMills Geoffrey
_9434104
245 0 _aOn the board
260 _aAldershot
_bGower Publishing
_c1981
300 _avii,232p
_ccm.
942 _hXM8:87, M1
_cTEXL
_2CC
999 _c750487
_d750487